000 00889nas a2200301 4500
001 BR0001133
003 BR-BrBNA
005 20231205101719.0
007 ta
008 230509b bl.|||p| |||| 00| 00por d
040 _aBR-BrBNA
_bpor
_cBiblioteca Nacional de Agricultura
041 _a(Pt)
072 _aQ54
100 1 _aCandido, M.J.D.
100 1 _aNeiva, J.N.M.
100 1 _aPimentel, J.C.M.
100 1 _aVasconcelos, V.R.
100 1 _aSampaio, E.M.
100 1 _aMendes Neto, J.
245 1 _aAvaliacao do valor nutitivo do bagaco de cana de acucar amonizado com ureia
650 _aCana de Acucar
650 _aBagaco
650 _aUreia
650 _aValor Nutritivo
773 0 _tRevista Brasileira de Zootecnia (Brazil)
_xISSN 1516-3598
_g(Sep-Oct 1999), v. 28(5) p. 928-935
_wBR0001133
909 _a202311
_bLúcia
_c55
_dLúcia Elande
942 _2AGRIS
_n0
_cANA
999 _c163440
_d163440